000 01490nam0a2200361 4500
001 RU\NLR\BIBL_A\022566232
005 20260420045656.0
010 _a978-5-04-162265-7
_93000
021 _aRU
_bКН-П-25-022245
_9КН-П-25-2250
035 _a(NLR Aleph) 022566232
090 _a13675059
_c13675059
100 _a20250611d2025 u y0rusy50 ca
101 1 _arus
_cger
102 _aRU
105 _aa z 000ay
181 0 _ai3
_baxxe
181 0 _ab2
_bxb2e
182 0 _an
200 1 _aЛесные герои
_iКуда ведут бабочки
_e[для дошкольного возраста, текст для чтения взрослыми детям]
_fАндреа Шутце
_gиллюстрации Каролы Зивердинг
_g[перевод с немецкого Надежды Край]
203 _aТекст
_aИзображение
_bвизуальные
_cнепосредственные
210 _aМосква
_cЭксмо, #эксмодетство
_d2025
215 _a81, [13] с.
_cил., цв. ил.
_d19
225 1 _aЛесные герои
333 _a0+
686 0 _aШ9(4Г)60-4
700 1 _7ca
_8rus
_aШютце
_bА.
_f1970-
_gАндреа
_9192828
_3RU\NLR\AUTH\770192879
702 1 _aЗивердинг
_bК.
_gКарола
_4440
942 _cBOOK
980 _aNB